Score 0/25 Timer 12:00
0 Plays Today
% Correct
against
97.8%
fear
88.9%
heat
86.7%
around
84.4%
hear
84.4%
bad
80%
ten
80%
between
77.8%
government
77.8%
within
75.6%
good
75.6%
free
75.6%
five
75.6%
% Correct
write
73.3%
across
73.3%
half
73.3%
look
71.1%
straight
68.9%
know
68.9%
time
66.7%
great
64.4%
four
64.4%
say
62.2%
believe
62.2%
opinion
48.9%
Remove Ads.
Support Sporcle.
Get the best of Sporcle when you Go Orange. This ad-free experience offers more features, more stats, and more fun while also helping to support Sporcle. Thank you for becoming a member.

You're not logged in!

Compare scores with friends on all Sporcle quizzes.
OR
Log In

Show Comments

Extras

Top Quizzes Today


Score Distribution

Your Account Isn't Verified!

In order to create a playlist on Sporcle, you need to verify the email address you used during registration. Go to your Sporcle Settings to finish the process.

Report this User

Report this user for behavior that violates our Community Guidelines.

Details: